000 00300 a2200145 4500
001 177527
020 _a
040 _cMagnum
100 _aAraujo,lais Correa
240 1 0 _aA loja do zeconze
_lpor
245 1 0 _aA loja do zeconze
362 0 _a1899
697 _aMAGNITO: I/ANIMAIS
942 _cBK
999 _c177527
_d177527